Les Franchises de la NBA - Statistiques

Statistiques générales
  • Ce quiz a été pris 1 600 fois
  • Le résultat moyen est 24 sur 30
Statistiques - réponses
Franchise (Club) % Correct
Los Angeles Lakers
97%
Boston Celtics
95%
San Antonio Spurs
93%
Golden State Warriors
91%
Los Angeles Clippers
90%
Miami Heat
90%
New York Knicks
90%
Chicago Bulls
89%
Brooklyn Nets
87%
Denver Nuggets
85%
Dallas Mavericks
84%
Milwaukee Bucks
84%
Oklahoma City Thunder
81%
Washington Wizards
80%
Charlotte Hornets
79%
Houston Rockets
79%
Philadelphia 76ers
79%
Toronto Raptors
79%
Détroit Pistons
78%
Indiana Pacers
78%
Minnesota Timberwolves
78%
Utah Jazz
78%
Cleveland Cavaliers
77%
Phoenix Suns
77%
Orlando Magic
76%
Sacramento Kings
76%
Atlanta Hawks
75%
New Orleans Pelicans
70%
Memphis Grizzlies
68%
Portland Trail Blazers
68%
Aucun quiz correspondant
Distribution des résultats
% des personnes avec chaque résultat
Percentile par nombre de réponses
Votre historique - résultats
Vous n’avez pas pris ce quiz